| 000 | 00566nam a22001937a 4500 | ||
|---|---|---|---|
| 999 |
_c17670 _d17670 |
||
| 003 | AR-CdUCM | ||
| 008 | 190509b ||||| |||| 00| 0 spa d | ||
| 040 |
_aMUNICIPALIDAD PROVINCIAL DEL CUSCO _cBIBLIOTECA MUNICIPAL DEL CUSCO |
||
| 082 |
_a869.56 / _bR94 |
||
| 100 |
_aRuiz Stagnarto, Giancarlo _937806 |
||
| 110 |
_aCONCYTEC _92809 |
||
| 245 | _aHiperespacios / | ||
| 260 |
_aLima : _bLibro Antiguo, _c1990. |
||
| 300 |
_a68 paginas ; _c21 cm. |
||
| 650 |
_aLiteratura _983 |
||
| 650 |
_aHiperespacio _937807 |
||
| 942 |
_2ddc _cLIBROS |
||
| 945 |
_arjall _d2019-05-09 |
||